00393nam a2200157Ia 45000010006000000050017000060080041000230410008000640820017000721000024000892450069001132600009001823000028001916500008002196540008002271847320260306171633.0260306s9999||||xx |||||||||||||| ||und|| aESP a658.406bB61 aBlanchard, KeneAUT 0a¿Quién mató el cambio?:bhistoria de un asesino corporativo c2010 a150 páginas :c21 cm. aGEN aCAN